Normal view
MARC view
- CAMPBELL MARY , CAMPBELL DAVID R
Entry Personal Name
001 - CONTROL NUMBER
- control field: 56537
003 - CONTROL NUMBER IDENTIFIER
- control field: NUST
005 - DATE AND TIME OF LATEST TRANSACTION
- control field: 20210628201726.0
008 - FIXED-LENGTH DATA ELEMENTS
- fixed length control field: 210628|| aca||aabn | a|a d
040 ## - CATALOGING SOURCE
- Original cataloging agency: NUST
- Transcribing agency: NUST
100 ## - HEADING--PERSONAL NAME
- Personal name: CAMPBELL MARY , CAMPBELL DAVID R
670 ## - SOURCE DATA FOUND
- Source citation: Work cat.: (NUST): CAMPBELL MARY , CAMPBELL DAVID R, APPLE WORKS ADVANCED FEATURES & TECHNIQUES , 1986
